Pilgrimage and literary tradition /

Bibliographic Details
Main Author: Edwards, Philip, 1923-
Format: Book
Language:English
Published: Cambridge, UK ; New York : Cambridge University Press, 2005.
Subjects:

MARC

Tag First Indicator Second Indicator Subfields
LEADER 00000pam a2200000 a 4500
001 in00002065521
005 20191026063439.0
008 050418s2005 enka b 001 0 eng
010 |a  2005045373 
015 |a GBA502815  |2 bnb 
016 7 |a 013080126  |2 Uk 
020 |a 0521847621 
035 |a (OCoLC)ocm59818172 
040 |a DLC  |c DLC  |d YDX  |d UKM  |d UtOrBLW 
043 |a e-uk--- 
049 |a TXAM 
050 0 0 |a PR408.P54  |b E39 2005 
082 0 0 |a 820.9/38263041  |2 22 
100 1 |a Edwards, Philip,  |d 1923- 
245 1 0 |a Pilgrimage and literary tradition /  |c Philip Edwards. 
264 1 |a Cambridge, UK ;  |a New York :  |b Cambridge University Press,  |c 2005. 
300 |a ix, 218 pages :  |b illustrations ;  |c 24 cm. 
336 |a text  |b txt  |2 rdacontent 
337 |a unmediated  |b n  |2 rdamedia 
338 |a volume  |b nc  |2 rdacarrier 
504 |a Includes bibliographical references and index. 
650 0 |a English literature  |x History and criticism. 
650 0 |a Pilgrims and pilgrimages in literature. 
650 0 |a Christian pilgrims and pilgrimages in literature. 
945 |i PromptCat 
947 |a A14832673268 
994 |a 92  |b TXA 
948 |a cataloged  |b h  |c 2005/8/22  |d c  |e rbarron  |f 1:11:15 pm 
999 |a MARS 
999 f f |s 7bd09728-8017-3184-b323-96f6539caded  |i 7459b986-1e3a-3c6a-a072-eb28ef1356d6  |t 0 
952 f f |p normal  |a Texas A&M University  |b College Station  |c Sterling C. Evans Library  |d Evans: Library Stacks  |t 0  |e PR408.P54 E39 2005  |h Library of Congress classification  |i unmediated -- volume  |m A14832673268 
998 f f |a PR408.P54 E39 2005  |t 0  |l Evans: Library Stacks